000 01122nac a22003977a 4500
001 BR9000888
003 BR-BrBNA
005 20240105121034.0
008 230509b bl.|||m| |||| 00| 0 por d
040 _aBR-BrBNA
_bpor
_cBiblioteca Nacional de Agricultura
072 _aF30
090 _aF30 BR9000888
110 1 _aEmpresa Pernambucana de Pesquisa Agropecuaria, Recife, PE (Brasil)
_94262
245 1 _aCultivares recomendadas pela Empresa IPA Pernambuco
260 3 _aRecife, PE (Brasil):
_c1986.
300 _a57 p.
490 _aDocumentos - Empresa Pernambucana de Pesquisa Agropecuaria (Brazil)
_vno. 13
_x
500 _a14 illus.
650 _aABACAXI
650 _aALGODAO
650 _aCEBOLA
650 _aCENOURA
650 _aCOENTRO
650 _aFEIJAO
650 _aPLANTA FORRAGEIRA
650 _aGOIABA
650 _aMILHETO
650 _aMILHO
650 _aSAPOTI
650 _aSORGO
650 _aTOMATE
650 _aCARACTERISTICAS AGRONOMICAS
650 _aCOMPORTAMENTO DE VARIEDADE
909 _a202312
_bLúcia Elande
_c55
_dLúcia Elande
942 _2AGRIS
_n0
_cMS
999 _c282924
_d282924